| 000 | 00438 a2200169 4500 | ||
|---|---|---|---|
| 003 | Nust | ||
| 005 | 20230329111834.0 | ||
| 028 | _aUmi press lahore | ||
| 040 | _cNust | ||
| 082 | _a891.439,BUS | ||
| 100 |
_a Rehman, Bushra _9110083 |
||
| 245 |
_aAllah Mian Ji اللہ میاں جی / _cBushra Rehman |
||
| 260 |
_aLahore _bUmi Presss _c1989 |
||
| 300 | _a319p. | ||
| 538 | _aAlmirah No.67, Shelf No.1 | ||
| 942 |
_2ddc _cBK _k891.439,BUS |
||
| 999 |
_c188728 _d188728 |
||